000
00341nam a2200145Ia 4500
008
150201s1994 xx 000 0 und d
082
_a
617
_b
V94J
100
_a
JAMWSON , C.W.
245
_a
ROB & SMIT VASCULOR SURGERY
250
_a
5TH
260
_b
CHAPMAN &HALL
_a
LONDON
_c
1994
300
_a
1-675
650
_a
SURGERY
942
_2
ddc
_c
BK
999
_c
1303
_d
1303